| 000 | 00709nam a2200217 i 4500 | ||
|---|---|---|---|
| 001 | 149111 | ||
| 003 | ES-MaACL | ||
| 005 | 20230906202944.0 | ||
| 007 | t| | ||
| 008 | 070214s1959 sp r ||||1| mul d | ||
| 080 | _a75 Miró, Juan | ||
| 100 | 1 |
_aSweeney, James Johnson. _9108933 |
|
| 245 | 1 | 0 |
_aAtmósfera Miró / _cJames Johnson Sweeney ; fotoscop Gomis Prats ; [traducción de R.S. Torroella]. |
| 260 |
_aBarcelona : _bR.M., _c[1959] |
||
| 300 |
_a20 h., 95 h. de lám. col. y n. ; _c21 cm. |
||
| 546 | _aTexto en español, inglés y francés. | ||
| 600 | 1 | 4 |
_aMiró, Joan. _981604 |
| 700 | 1 |
_aSantos Torroella, Rafael. _9103536 |
|
| 700 | 1 |
_aGomis, Joaquín. _958209 |
|
| 852 | 4 |
_aES-MaACL _jC-16641 |
|
| 999 |
_c149111 _d149111 |
||